| LEADER 00000nam 2200000uu 4500 |
| 001 209169 |
| 003 ULIBM |
| 008 131112s2553||||th 000 0 tha d |
| 041 0 ^atha
|
| 060 4 ^aWY157 ส785 2553
|
| 100 0 ^aสุธิดา สิงห์ศิริเจริญกุล
|
| 245 00 ^aเอกสารประกอบการสอนวิชา การพยาบาลมารดาทารกและการผดุงครรภ์ 2 = Maternal and newborn nursing and midwifery II./^bสุธิดา สิงห์ศิริเจริญกุล.
|
| 260 ^aขอนแก่น : ^bวิทยาลัยพยาบาลบรมราชชนนี ขอนแก่น,^c2553
|
| 300 ^a213 หน้า ;^bภาพประกอบ.
|
| 650 4 ^aการพยาบาลกุมารเวชศาสตร์
|
| 650 4 ^aการพยาบาลสูติศาสตร์
|
| 650 4 ^aการพยาบาลสูติศาสตร์ ^xเอกสารประกอบการสอน
|
| 999 ^aใช้งานได้ทุกระบบ
|